[Event "Canarias-chT Honor"]
[Site "Spain"]
[Date "2020.02.08"]
[Round "5.3"]
[White "Martin Hernandez, Ruben"]
[Black "Hernandez Diaz, Heriberto"]
[Result "1-0"]
[WhiteElo "2239"]
[BlackElo "1669"]
[PlyCount "85"]
[EventDate "2020.01.11"]
[EventType "team-tourn"]
[EventRounds "9"]
[EventCountry "ESP"]
[SourceTitle "CBM 195 Extra"]
[Source "ChessBase"]
[SourceDate "2020.05.31"]
[SourceVersion "1"]
[SourceVersionDate "2020.05.31"]
[SourceQuality "1"]
[WhiteTeam "Lanzaloe"]
[BlackTeam "Roque Niquiomo"]
[WhiteTeamCountry "ESP"]
[BlackTeamCountry "ESP"]

1. d4 Nf6 2. c4 e6 3. Nc3 Bb4 4. e3 Bxc3+ 5. bxc3 d6 6. Nf3 c5 7. Bd3 Nc6 8. 0-0 e5 9. d5 Ne7 10. Nd2 Bd7 11. f4 exf4 12. exf4 Qa5 13. Qc2 0-0-0 14. Nf3 h6 15. f5 Kb8 16. Bf4 Bc8 17. Rfe1 Qc7 18. Re2 Qd7 19. Nh4 Rhe8 20. Rae1 Neg8 21. h3 Rxe2 22. Rxe2 Re8 23. g4 Kc7 24. Ng2 Rxe2 25. Qxe2 Qe8 26. Ne3 g5 27. fxg6 fxg6 28. Qh2 Qe7 29. Bxg6 Bd7 30. Qc2 Qg7 31. Kh2 Ne7 32. Bd3 Ne8 33. Nf1 Qf6 34. Qf2 b6 35. Ng3 Qxc3 36. Qe2 Qf6 37. Nh5 Qf8 38. Bg3 a6 39. Nf4 Qf6 40. Nh5 Qf8 41. Kg2 Nf6 42. Qf3 Neg8 43. Bh4 1-0

[Event "Canarias-chT Honor"]
[Site "Spain"]
[Date "2020.01.25"]
[Round "3.2"]
[White "Hernandez Diaz, Heriberto"]
[Black "Hernandez Leon, Alberto"]
[Result "0-1"]
[WhiteElo "1669"]
[BlackElo "2275"]
[PlyCount "52"]
[EventDate "2020.01.11"]
[EventType "team-tourn"]
[EventRounds "9"]
[EventCountry "ESP"]
[SourceTitle "CBM 195 Extra"]
[Source "ChessBase"]
[SourceDate "2020.05.31"]
[SourceVersion "1"]
[SourceVersionDate "2020.05.31"]
[SourceQuality "1"]
[WhiteTeam "Roque Niquiomo"]
[BlackTeam "Ebano Barrio Nuevo"]
[WhiteTeamCountry "ESP"]
[BlackTeamCountry "ESP"]

1. d4 c5 2. e3 Nf6 3. Nc3 e6 4. f4 Nc6 5. Nf3 d5 6. Be2 a6 7. 0-0 Qc7 8. Kh1 b5 9. Ne5 Bb7 10. a3 Rc8 11. g4 cxd4 12. exd4 Nxd4 13. Qxd4 Bc5 14. Nxb5 axb5 15. Bxb5+ Kf8 16. Qd3 d4+ 17. Kg1 Be4 18. Qg3 d3+ 19. Be3 Qb6 20. Bxc5+ Qxc5+ 21. Qf2 Qxb5 22. cxd3 Bb7 23. g5 Qd5 24. Qf3 Qb5 25. Qh3 Rc2 26. gxf6 Qb6+ 0-1

[Event "Canarias-chT"]
[Site "Vecindario"]
[Date "2019.06.16"]
[Round "6.4"]
[White "Hernandez Diaz, Heriberto"]
[Black "Garcia Almeida, Aitana Maria"]
[Result "1-0"]
[WhiteElo "1707"]
[BlackElo "1646"]
[PlyCount "57"]
[EventDate "2019.06.13"]
[EventType "team-swiss"]
[EventRounds "6"]
[EventCountry "ESP"]
[SourceTitle "EXT 2020"]
[Source "ChessBase"]
[SourceDate "2019.10.17"]
[SourceVersion "1"]
[SourceVersionDate "2019.10.17"]
[SourceQuality "1"]
[WhiteTeam "Roque Niquiomo"]
[BlackTeam "Grandama"]
[WhiteTeamCountry "ESP"]
[BlackTeamCountry "ESP"]

1. e4 g6 2. Nc3 Bg7 3. d4 c6 4. Be3 d5 5. Qd2 dxe4 6. Nxe4 Bf5 7. f3 Nd7 8. 0-0-0 Bxe4 9. fxe4 Ngf6 10. e5 Ne4 11. Qd3 f5 12. Ne2 c5 13. Nf4 Qb6 14. Qc4 cxd4 15. Nd5 Nxe5 16. Qa4+ Qc6 17. Bb5 dxe3 18. Bxc6+ bxc6 19. Nc7+ Kf7 20. Nxa8 Nf2 21. Qb3+ Kf6 22. Nc7 Bh6 23. Qe6+ Kg5 24. Qxe5 Rb8 25. Ne6+ Kh5 26. Nf4+ Kg4 27. h3+ Kg3 28. Ne2+ Kh4 29. Qxb8 1-0

[Event "Puerto del Rosario op U2300 "]
[Site "Puerto del Rosario"]
[Date "2018.09.28"]
[Round "4"]
[White "Hernandez Diaz, Heriberto"]
[Black "Perez Perez, Gabriel"]
[Result "0-1"]
[WhiteElo "1686"]
[BlackElo "2077"]
[PlyCount "64"]
[EventDate "2018.09.27"]
[EventType "swiss"]
[EventRounds "7"]
[EventCountry "ESP"]
[SourceTitle "CBM 187 Extra"]
[Source "ChessBase"]
[SourceDate "2018.11.04"]
[SourceVersion "1"]
[SourceVersionDate "2018.11.04"]
[SourceQuality "1"]

1. e4 Nf6 2. Nc3 d5 3. exd5 Nxd5 4. Qf3 e6 5. Bc4 Nb6 6. Bb3 c5 7. d3 Nc6 8. Nge2 Bd7 9. Bf4 Nd4 10. Nxd4 cxd4 11. Ne4 Bc6 12. Qg3 Nd5 13. Bd6 Bxd6 14. Nxd6+ Kf8 15. Nc4 b5 16. Ne5 Bb7 17. 0-0 f6 18. Nf3 e5 19. Nd2 Nf4 20. Qg4 h5 21. Qd1 Bxg2 22. Ne4 f5 23. Ng3 Bxf1 24. Qxf1 g6 25. Re1 h4 26. Ne2 Qg5+ 27. Kh1 h3 28. Ng3 Re8 29. a4 b4 30. a5 Ng2 31. Re2 Kg7 32. Bd5 Nf4 0-1

[Event "Puerto del Rosario op U2300 "]
[Site "Puerto del Rosario"]
[Date "2018.09.27"]
[Round "2"]
[White "Hernandez Diaz, Heriberto"]
[Black "Salazar de la Cruz, Jose Maria"]
[Result "1/2-1/2"]
[WhiteElo "1686"]
[BlackElo "2040"]
[PlyCount "150"]
[EventDate "2018.09.27"]
[EventType "swiss"]
[EventRounds "7"]
[EventCountry "ESP"]
[SourceTitle "CBM 187 Extra"]
[Source "ChessBase"]
[SourceDate "2018.11.04"]
[SourceVersion "1"]
[SourceVersionDate "2018.11.04"]
[SourceQuality "1"]

1. e4 c5 2. Nf3 Nc6 3. d4 cxd4 4. Nxd4 g6 5. Nc3 Bg7 6. Be3 Nf6 7. f3 0-0 8. Qd2 d5 9. 0-0-0 Nxd4 10. Bxd4 dxe4 11. Nxe4 Nxe4 12. fxe4 Be6 13. Bxg7 Qxd2+ 14. Rxd2 Kxg7 15. Be2 Rac8 16. a3 Rc7 17. Rhd1 Rfc8 18. Kb1 Kf6 19. c3 Bb3 20. Re1 Ke5 21. Bd1 Be6 22. Kc2 b5 23. Bf3 a5 24. Rd4 Rb8 25. Kb1 Bc4 26. Be2 Be6 27. Bf3 h5 28. Red1 Rh8 29. Kc2 g5 30. Kd3 g4 31. Be2 h4 32. Ke3 Rc5 33. Rd8 Rh6 34. Re8 Kf6 35. Rf1+ Kg5 36. Rxe7 h3 37. g3 b4 38. axb4 axb4 39. Kd4 Rc8 40. c4 Rhh8 41. b3 Rhd8+ 42. Ke3 Rb8 43. Ra7 Re8 44. Ra5+ f5 45. Raxf5+ Bxf5 46. Rxf5+ Kg6 47. Bxg4 Re7 48. c5 Ra8 49. Rf2 Ra3 50. Rb2 Ra1 51. Kd4 Kg5 52. Bxh3 Rd1+ 53. Kc4 Rxe4+ 54. Kb5 Re5 55. Kb6 Rc1 56. c6 Rec5 57. Bd7 Kf6 58. g4 Ke5 59. h4 Kd6 60. Rd2+ Ke5 61. g5 R5c3 62. Re2+ Kd6 63. g6 Rxb3 64. Rd2+ Ke7 65. c7 Rbc3 66. c8Q Rxc8 67. Bxc8 Rxc8 68. h5 Kf6 69. Kb5 b3 70. Kb4 Rb8+ 71. Kc3 Kg5 72. Rh2 b2 73. Rxb2 Rc8+ 74. Kd4 Kxh5 75. Rg2 Rg8 1/2-1/2

[Event "La Palma Island op"]
[Site "Santa Cruz de La Palma"]
[Date "2018.08.10"]
[Round "1"]
[White "Turova, Irina"]
[Black "Hernandez Diaz, Heriberto"]
[Result "1-0"]
[WhiteElo "2422"]
[BlackElo "1697"]
[PlyCount "77"]
[EventDate "2018.08.10"]
[EventType "swiss"]
[EventRounds "10"]
[EventCountry "ESP"]
[SourceTitle "CBM 186 Extra"]
[Source "ChessBase"]
[SourceDate "2018.08.24"]
[SourceVersion "1"]
[SourceVersionDate "2018.08.24"]
[SourceQuality "1"]

1. d4 Nf6 2. c4 e6 3. Nc3 Bb4 4. Qc2 c5 5. dxc5 Bxc5 6. Nf3 Nc6 7. Bg5 h6 8. Bh4 Qa5 9. Nd2 Bb4 10. Rc1 Nd4 11. Qd3 Nf5 12. Bxf6 gxf6 13. a3 Be7 14. g3 Qb6 15. b4 d6 16. Bg2 Bd7 17. 0-0 h5 18. e4 Nh6 19. h3 f5 20. exf5 Nxf5 21. Ne2 Bc6 22. Bxc6+ bxc6 23. Qc3 Rh6 24. c5 dxc5 25. bxc5 Qc7 26. Ne4 e5 27. Rfd1 Ng7 28. Nd6+ Bxd6 29. cxd6 Qd7 30. Qxe5+ Kf8 31. Nf4 h4 32. g4 Rd8 33. Rxc6 Re8 34. Qc3 Ne6 35. Nxe6+ Rexe6 36. Rc7 Qa4 37. Rc8+ Re8 38. Rxe8+ Kxe8 39. d7+ 1-0

[Event "Canarias-chT"]
[Site "Vecindario"]
[Date "2018.06.01"]
[Round "3.2"]
[White "Hernandez Diaz, Heriberto"]
[Black "Jablanovic, Sasa"]
[Result "1-0"]
[WhiteElo "1656"]
[BlackElo "1668"]
[PlyCount "83"]
[EventDate "2018.05.31"]
[EventType "team-swiss"]
[EventRounds "6"]
[EventCountry "ESP"]
[SourceTitle "EXT 2019"]
[Source "ChessBase"]
[SourceDate "2018.10.10"]
[SourceVersion "1"]
[SourceVersionDate "2018.10.10"]
[SourceQuality "1"]
[WhiteTeam "Roque Niquiomo"]
[BlackTeam "Mogan V"]
[WhiteTeamCountry "ESP"]
[BlackTeamCountry "ESP"]

1. d4 d5 2. Nc3 c6 3. Bf4 Bf5 4. Qd2 Nf6 5. e3 e6 6. f3 h6 7. g4 Bh7 8. Bd3 a6 9. 0-0-0 Nbd7 10. Nge2 c5 11. Bxh7 Nxh7 12. dxc5 Bxc5 13. e4 e5 14. Bg3 d4 15. Nd5 Ng5 16. h4 Ne6 17. f4 f6 18. g5 Nc7 19. gxf6 gxf6 20. Nxc7+ Qxc7 21. fxe5 fxe5 22. Nxd4 Qb6 23. Nf5 0-0-0 24. Qc3 Kb8 25. Rxd7 Rxd7 26. Qxe5+ Ka7 27. Qxh8 Rd8 28. Qc3 Bb4 29. Qf3 Qa5 30. Kb1 Qa4 31. Rd1 Rc8 32. Qd3 Qc6 33. Bd6 Ba5 34. Ne7 Qc4 35. Nxc8+ Qxc8 36. a3 Bb6 37. e5 Qg4 38. Be7 h5 39. Qd5 a5 40. e6 a4 41. Bg5 Bf2 42. Qa5+ 1-0

[Event "Canarias-chT"]
[Site "San Cristobal de La Laguna"]
[Date "2017.06.24"]
[Round "5.2"]
[White "Camacho Hernandez, Francisco"]
[Black "Hernandez Diaz, Heriberto"]
[Result "1-0"]
[WhiteElo "1768"]
[BlackElo "1712"]
[PlyCount "77"]
[EventDate "2017.06.22"]
[EventType "team-swiss"]
[EventRounds "6"]
[EventCountry "ESP"]
[SourceTitle "EXT 2024"]
[Source "ChessBase"]
[SourceDate "2023.10.10"]
[SourceVersion "1"]
[SourceVersionDate "2023.10.10"]
[SourceQuality "1"]
[WhiteTeam "Circulo de Amistad XII Enero"]
[BlackTeam "Roque Niquiomo"]
[WhiteTeamCountry "ESP"]
[BlackTeamCountry "ESP"]

1. c4 Nf6 2. g3 e6 3. Bg2 Nc6 4. Nf3 d5 5. cxd5 exd5 6. d4 Bg4 7. a3 Qd7 8. h3 Bf5 9. Nc3 0-0-0 10. Be3 Kb8 11. b4 Bd6 12. Qb3 Rhe8 13. Nxd5 Nxd5 14. Bd2 Nf6 15. Rc1 Ne4 16. e3 Be6 17. Qb2 f5 18. b5 Ne7 19. Bb4 Nd5 20. Bxd6 cxd6 21. a4 Rc8 22. 0-0 g5 23. Nd2 Nxd2 24. Qxd2 Nf6 25. f3 f4 26. exf4 gxf4 27. Qxf4 Nd5 28. Qh6 Bf5 29. g4 Bg6 30. h4 Ne3 31. Rxc8+ Qxc8 32. Re1 Nxg2 33. Rxe8 Qxe8 34. Kxg2 Qe2+ 35. Kg3 Qe1+ 36. Kg2 Kc7 37. Qg7+ Kb6 38. Qf6 Qb1 39. Qd8# 1-0

[Event "Canarias-chT"]
[Site "San Cristobal de La Laguna"]
[Date "2017.06.23"]
[Round "3.2"]
[White "Alvarez Alonso, Alberto"]
[Black "Hernandez Diaz, Heriberto"]
[Result "1-0"]
[WhiteElo "1982"]
[BlackElo "1712"]
[PlyCount "71"]
[EventDate "2017.06.22"]
[EventType "team-swiss"]
[EventRounds "6"]
[EventCountry "ESP"]
[SourceTitle "EXT 2024"]
[Source "ChessBase"]
[SourceDate "2023.10.10"]
[SourceVersion "1"]
[SourceVersionDate "2023.10.10"]
[SourceQuality "1"]
[WhiteTeam "Los Realejos Shah Mat"]
[BlackTeam "Roque Niquiomo"]
[WhiteTeamCountry "ESP"]
[BlackTeamCountry "ESP"]

1. e4 d5 2. exd5 Nf6 3. Nf3 Nxd5 4. Be2 Nc6 5. d4 Bg4 6. h3 Bf5 7. a3 e6 8. 0-0 Qd7 9. c4 Nb6 10. Nc3 0-0-0 11. Be3 g5 12. b4 f6 13. b5 Nb8 14. Qb3 h5 15. Nd2 h4 16. a4 Rg8 17. f3 Bh7 18. a5 Na8 19. c5 f5 20. a6 c6 21. b6 axb6 22. cxb6 g4 23. hxg4 fxg4 24. f4 Bg7 25. a7 Na6 26. Bxg4 Bf5 27. Bxf5 exf5 28. Nf3 h3 29. Ra2 Qe7 30. Re1 Nb4 31. Rd2 Nd5 32. Nxd5 Rxd5 33. Rc1 Bf8 34. Ne5 Qb4 35. Qxd5 Rxg2+ 36. Rxg2 1-0

[Event "Las Palmas Montalvo Memorial 6th"]
[Site "Las Palmas"]
[Date "2013.03.26"]
[Round "2"]
[White "Hernandez Diaz, Heriberto"]
[Black "Menvielle Laccourreye, Augusto"]
[Result "0-1"]
[WhiteElo "1740"]
[BlackElo "2150"]
[PlyCount "62"]
[EventDate "2013.03.25"]
[EventType "swiss"]
[EventRounds "9"]
[EventCountry "ESP"]
[SourceTitle "CBM 153 Extra"]
[Source "ChessBase"]
[SourceDate "2013.04.22"]
[SourceVersion "1"]
[SourceVersionDate "2013.04.22"]
[SourceQuality "1"]

1. d4 f5 2. c4 Nf6 3. Nc3 g6 4. Bg5 Bg7 5. Qd2 Nc6 6. f3 d6 7. Nh3 0-0 8. Nd5 e6 9. Nxf6+ Bxf6 10. Bxf6 Qxf6 11. 0-0-0 e5 12. e3 f4 13. d5 fxe3 14. Qxe3 Nb4 15. Qd2 a5 16. a3 Na6 17. Bd3 Nc5 18. Bc2 Bxh3 19. gxh3 Qxf3 20. h4 Rf4 21. Kb1 Nb3 22. Qd3 Qxd3 23. Rxd3 Nc5 24. Rg3 Rxh4 25. Rhg1 Ne4 26. Re3 Nd2+ 27. Kc1 Nxc4 28. Reg3 e4 29. Rc3 e3 30. b3 Ne5 31. Rxc7 Nf3 0-1

[Event "ESP-ch 77th"]
[Site "San Agustin"]
[Date "2012.10.03"]
[Round "5"]
[White "Camino Carrio, Nicanor"]
[Black "Hernandez Diaz, Heriberto"]
[Result "1-0"]
[WhiteElo "1994"]
[BlackElo "1713"]
[PlyCount "75"]
[EventDate "2012.09.29"]
[EventType "swiss"]
[EventRounds "9"]
[EventCountry "ESP"]
[SourceTitle "EXT 2014"]
[Source "ChessBase"]
[SourceDate "2013.11.20"]
[SourceVersion "1"]
[SourceVersionDate "2013.11.20"]
[SourceQuality "1"]

1. e4 d6 2. d4 Nf6 3. Nc3 g6 4. Be3 Bg7 5. Qd2 h6 6. h3 b6 7. 0-0-0 Bb7 8. f3 e6 9. Kb1 Nfd7 10. f4 Na6 11. Nf3 Qe7 12. a3 0-0-0 13. Bd3 e5 14. Bxa6 Bxa6 15. Nd5 Qf8 16. Qc3 c5 17. dxe5 dxe5 18. fxe5 Be2 19. Rde1 Bxf3 20. gxf3 Nxe5 21. Qb3 Qd6 22. Qa4 Rd7 23. Bf4 g5 24. Qa6+ Kb8 25. Bg3 Ka8 26. Rd1 Qc6 27. Ka2 Rhd8 28. Rhf1 f5 29. Bxe5 Bxe5 30. c4 f4 31. Rh1 Bf6 32. Rd3 Kb8 33. Rb3 Rd6 34. Rd1 Rf8 35. Nxb6 axb6 36. Rxd6 Qxd6 37. Rxb6+ Qxb6 38. Qxb6+ 1-0